[Event "Obert Figueres Miquel Mas 2010"]
[Site "Figueres ESP"]
[Date "2010.08.13"]
[Round "3.23"]
[White "Aguila Hernandez, Eduardo"]
[Black "Falgueras Marti, Carles"]
[Result "1/2-1/2"]
[WhiteElo "1734"]
[BlackElo "2038"]
[PlyCount "134"]
[EventDate "2011.08.11"]
[EventType "swiss"]
[EventRounds "9"]
[EventCountry "ESP"]
[Source "lmi"]
[SourceDate "2010.08.11"]

1. e4 c6 2. d4 d5 3. Nc3 dxe4 4. Nxe4 Nd7 5. Nf3 Ngf6 6. Nxf6+ Nxf6 7. Be2 Bf5
8. O-O e6 9. Bf4 Qb6 10. Ne5 Be7 11. Nc4 Qd8 12. Ne3 Bg6 13. c3 O-O 14. Qb3 Qc8
15. Nc4 Rd8 16. h3 Be4 17. Nd2 Bg6 18. Nc4 Nd5 19. Bg3 Nf6 20. a4 Ne4 21. Bh2
c5 22. f3 Nf6 23. dxc5 Bxc5+ 24. Kh1 Nd5 25. Rfd1 b6 26. a5 Qb7 27. axb6 axb6
28. Na5 Qa7 29. Nc6 Qxa1 30. Rxa1 Rxa1+ 31. Bd1 Ne3 32. Nxd8 Rxd1+ 33. Bg1 Rxd8
34. Kh2 Nf1+ 35. Kh1 Ng3+ 36. Kh2 Nf1+ 37. Kh1 Ne3 38. Qa2 Nd5 39. Bxc5 bxc5
40. Qa5 Rc8 41. Qa6 Rf8 42. Qc6 h6 43. Qxc5 Rb8 44. b4 Bd3 45. Kg1 Kh7 46. c4
Nxb4 47. Qd6 Rb7 48. c5 Nd5 49. Kf2 Rb2+ 50. Kg1 Rc2 51. Qd8 Kg6 52. Qd6 Bb5
53. h4 Rc4 54. Qg3+ Kh7 55. Qf2 Rc1+ 56. Kh2 Rc4 57. Kg3 Kh8 58. Qg1 Ne7 59.
Qd1 Nf5+ 60. Kf2 Rxc5 61. Qd8+ Kh7 62. g4 Rc2+ 63. Kg1 Ne3 64. Qb6 Rc1+ 65. Kf2
Nxg4+ 66. fxg4 Rc2+ 67. Kg3 Rc3+ 1/2-1/2

[Event "Obert Figueres Miquel Mas 2010"]
[Site "Figueres ESP"]
[Date "2010.08.13"]
[Round "3.24"]
[White "Diaz Munoz, Sergi"]
[Black "Altimira Roses, Jordi"]
[Result "1-0"]
[WhiteElo "2005"]
[BlackElo "1828"]
[PlyCount "43"]
[EventDate "2011.08.11"]
[EventType "swiss"]
[EventRounds "9"]
[EventCountry "ESP"]
[Source "lmi"]
[SourceDate "2010.08.11"]

1. e4 c5 2. Nf3 Nc6 3. d4 cxd4 4. Nxd4 e5 5. Nb5 a6 6. Nd6+ Bxd6 7. Qxd6 Qf6 8.
Qxf6 Nxf6 9. Nc3 Nb4 10. Bd3 Nxd3+ 11. cxd3 h6 12. Be3 d6 13. d4 b5 14. f3 O-O
15. d5 Nd7 16. Kd2 Bb7 17. Rac1 Rac8 18. Ne2 Rxc1 19. Rxc1 Rc8 20. Ng3 Nf6 21.
Nf5 Ne8 22. Ne7+ 1-0

[Event "Obert Figueres Miquel Mas 2010"]
[Site "Figueres ESP"]
[Date "2010.08.13"]
[Round "3.25"]
[White "Cano Egea, Gerard"]
[Black "Alonso Jimenez, Joan"]
[Result "1-0"]
[WhiteElo "1698"]
[BlackElo "1992"]
[PlyCount "119"]
[EventDate "2011.08.11"]
[EventType "swiss"]
[EventRounds "9"]
[EventCountry "ESP"]
[Source "lmi"]
[SourceDate "2010.08.11"]

1. e4 c5 2. Nf3 Nc6 3. c3 Nf6 4. e5 Nd5 5. d4 cxd4 6. cxd4 d6 7. Bc4 Nc7 8. O-O
d5 9. Be2 g6 10. Nc3 Bg7 11. Be3 O-O 12. Qd2 Bg4 13. Rfd1 f5 14. h3 Bh5 15.
Rac1 Kh8 16. Na4 Ne6 17. Ng5 Nxg5 18. Bxg5 Bxe2 19. Qxe2 h6 20. Bf4 g5 21. Bh2
f4 22. Nc5 f3 23. gxf3 Qc8 24. Kg2 b6 25. Nb3 Qe6 26. Rc3 Nd8 27. Rdc1 Nf7 28.
Rc6 Qf5 29. Qc2 Nd8 30. Qxf5 Rxf5 31. Rc8 Rxc8 32. Rxc8 Rf8 33. Rc7 a5 34. a4
Re8 35. Rc8 Kg8 36. Rb8 Kf7 37. Rxb6 Ne6 38. Rb5 Rc8 39. Rxd5 Rc2 40. Rxa5 Rxb2
41. Rb5 Nc7 42. Rc5 Na6 43. Rc3 e6 44. Nc5 Nc7 45. Rb3 Rxb3 46. Nxb3 Ke8 47. f4
Kd7 48. fxg5 hxg5 49. f4 gxf4 50. Bxf4 Kc6 51. Nc5 Bf8 52. Be3 Kd5 53. Kf3 Kc4
54. Ke4 Be7 55. Bf2 Kb4 56. h4 Kc3 57. h5 Bf8 58. Be3 Bg7 59. h6 Bh8 60. Bg5
1-0

[Event "Obert Figueres Miquel Mas 2010"]
[Site "Figueres ESP"]
[Date "2010.08.13"]
[Round "3.26"]
[White "Sola, Flavien"]
[Black "Trias Punset, Carles"]
[Result "1-0"]
[WhiteElo "1954"]
[BlackElo "1739"]
[PlyCount "89"]
[EventDate "2011.08.11"]
[EventType "swiss"]
[EventRounds "9"]
[EventCountry "ESP"]
[Source "lmi"]
[SourceDate "2010.08.11"]

1. e4 e6 2. d4 d5 3. Nc3 c5 4. Bb5+ Bd7 5. Bxd7+ Qxd7 6. exd5 exd5 7. Nf3 Nf6
8. O-O cxd4 9. Re1+ Be7 10. Ne5 Qd8 11. Qxd4 O-O 12. Bg5 Nc6 13. Qd2 Nxe5 14.
Rxe5 h6 15. Bxf6 Bxf6 16. Rxd5 Qc7 17. Nb5 Qc6 18. c3 a6 19. Nd6 Rad8 20. Rd1
Qc7 21. Ne4 Be7 22. Qe3 Rxd5 23. Rxd5 Rd8 24. Rxd8+ Qxd8 25. Qd4 Qc7 26. a4 Qc6
27. h3 Qc7 28. b4 b6 29. b5 a5 30. Qd5 Qd8 31. Qxd8+ Bxd8 32. c4 Bc7 33. c5 Kf8
34. cxb6 Bxb6 35. Nd6 Bc7 36. Nc4 Ke7 37. Kf1 Kd7 38. Ke2 Kc8 39. Kd3 Kb7 40.
Kd4 f6 41. Kc5 Bd8 42. b6 Be7+ 43. Kb5 Kb8 44. Nxa5 Kc8 45. b7+ 1-0

[Event "Obert Figueres Miquel Mas 2010"]
[Site "Figueres ESP"]
[Date "2010.08.13"]
[Round "3.27"]
[White "Vazquez Montreal, Enric"]
[Black "Gallego Terris, Rafael"]
[Result "0-1"]
[WhiteElo "1678"]
[BlackElo "1951"]
[PlyCount "70"]
[EventDate "2011.08.11"]
[EventType "swiss"]
[EventRounds "9"]
[EventCountry "ESP"]
[Source "lmi"]
[SourceDate "2010.08.11"]

1. Nf3 g6 2. g3 Bg7 3. Bg2 f5 4. d3 Nf6 5. Nbd2 d6 6. c3 Nc6 7. Qb3 e5 8. e4 f4
9. d4 Qe7 10. d5 Nd8 11. Qc2 Nh5 12. Nf1 g5 13. h3 Nf7 14. g4 Nf6 15. Bd2 h5
16. gxh5 Rxh5 17. Qd1 g4 18. hxg4 Rxh1 19. Bxh1 Bxg4 20. N1h2 Bd7 21. Qe2 O-O-O
22. O-O-O Rh8 23. c4 Ng4 24. Nxg4 Bxg4 25. Rg1 Rxh1 26. Rxh1 Ng5 27. Rg1 Bxf3
28. Qd3 Bxe4 29. Qa3 Kb8 30. Qa4 Bg6 31. Qa3 Qf6 32. Bb4 Qf5 33. Qa4 Qb1+ 34.
Kd2 Ne4+ 35. Ke2 Qxb2+ 0-1

[Event "Obert Figueres Miquel Mas 2010"]
[Site "Figueres ESP"]
[Date "2010.08.13"]
[Round "3.28"]
[White "Sanchez Urpi, Oriol"]
[Black "Vilanova Olmedo, Ignaci"]
[Result "1/2-1/2"]
[WhiteElo "1911"]
[BlackElo "1687"]
[PlyCount "112"]
[EventDate "2011.08.11"]
[EventType "swiss"]
[EventRounds "9"]
[EventCountry "ESP"]
[Source "lmi"]
[SourceDate "2010.08.11"]

1. e4 c6 2. d4 d5 3. Nc3 dxe4 4. Nxe4 Nf6 5. Nxf6+ gxf6 6. Bf4 Bf5 7. Nf3 e6 8.
Bc4 Bd6 9. Bg3 Bxg3 10. hxg3 Bg4 11. Qd3 Bxf3 12. gxf3 h5 13. O-O-O Nd7 14. Rh4
Qa5 15. Rdh1 O-O-O 16. g4 Ne5 17. Qe2 Ng6 18. R4h2 hxg4 19. Rxh8 Rxh8 20. Rxh8+
Nxh8 21. fxg4 Ng6 22. c3 Qg5+ 23. Kb1 Nf4 24. Qf3 Nd5 25. a3 Qg6+ 26. Bd3 Qg5
27. Be4 Nb6 28. Bd3 Qd2 29. Qe2 Qf4 30. Bc2 Nc4 31. Bd3 Nd2+ 32. Kc2 Nf3 33.
Be4 Ng5 34. Bg2 f5 35. gxf5 Qxf5+ 36. Kb3 Nh3 37. Bxh3 Qxh3 38. Qe5 Qf3 39. Qg3
Qxg3 40. fxg3 Kd7 41. Kc4 b6 42. Kd3 Kd6 43. Ke4 f5+ 44. Kf4 Kd5 45. b3 a5 46.
Ke3 b5 47. Kd3 c5 48. a4 bxa4 49. bxa4 c4+ 50. Ke3 e5 51. dxe5 Kxe5 52. Kf3 Kf6
53. Kf4 Ke6 54. Kf3 Ke5 55. Ke3 Kd5 56. Kf4 Ke6 1/2-1/2

[Event "Obert Figueres Miquel Mas 2010"]
[Site "Figueres ESP"]
[Date "2010.08.13"]
[Round "3.29"]
[White "Ros Agusti, Salvador"]
[Black "Ruiz Font, Elisabet"]
[Result "0-1"]
[WhiteElo "1603"]
[BlackElo "1899"]
[PlyCount "100"]
[EventDate "2011.08.11"]
[EventType "swiss"]
[EventRounds "9"]
[EventCountry "ESP"]
[Source "lmi"]
[SourceDate "2010.08.11"]

1. d4 f5 2. c4 Nf6 3. Nc3 g6 4. Nf3 Bg7 5. Bg5 d6 6. Bxf6 Bxf6 7. e3 Nc6 8. g3
Bd7 9. Bg2 O-O 10. O-O e6 11. a3 Ne7 12. Nd2 c6 13. b4 e5 14. Ne2 Be6 15. f4 a5
16. bxa5 Qxa5 17. Nb3 Qa4 18. fxe5 dxe5 19. Nc5 Qxd1 20. Rfxd1 Bxc4 21. Bf1 Nd5
22. Nd7 Rfd8 23. Nxf6+ Nxf6 24. dxe5 Ng4 25. Rxd8+ Rxd8 26. Nf4 Nxe5 27. Bxc4+
Nxc4 28. Kf2 Rd2+ 29. Ne2 Rd3 30. Rb1 Nxe3 31. Rxb7 Ng4+ 32. Kg1 Rxa3 33. Rb8+
Kg7 34. Rb7+ Kh6 35. h3 Nf6 36. Rb6 Ne4 37. Rxc6 Nxg3 38. Nf4 Ra2 39. h4 Ne2+
40. Nxe2 Rxe2 41. h5 Kxh5 42. Rc7 h6 43. Rc3 Kg4 44. Kh1 Rb2 45. Rc4+ Kf3 46.
Kg1 g5 47. Rc6 g4 48. Rxh6 f4 49. Rh5 Ke3 50. Rh6 Rc2 0-1

[Event "Obert Figueres Miquel Mas 2010"]
[Site "Figueres ESP"]
[Date "2010.08.13"]
[Round "3.30"]
[White "Suita Rodriguez, Natalia"]
[Black "Cros Figueras, Eugeni"]
[Result "0-1"]
[WhiteElo "1600"]
[BlackElo "1890"]
[PlyCount "56"]
[EventDate "2011.08.11"]
[EventType "swiss"]
[EventRounds "9"]
[EventCountry "ESP"]
[Source "lmi"]
[SourceDate "2010.08.11"]

1. d4 d5 2. c4 c6 3. Nc3 Nf6 4. g3 e6 5. Bg2 Be7 6. Nf3 O-O 7. O-O Nbd7 8. cxd5
exd5 9. Qd3 Re8 10. Re1 Bf8 11. e4 Nxe4 12. Nxe4 dxe4 13. Rxe4 Rxe4 14. Qxe4
Nf6 15. Qd3 h6 16. Bd2 Be6 17. Bc3 Bd5 18. b3 Be4 19. Qd2 Qd5 20. Qe2 Re8 21.
Qd1 Re6 22. Bh3 Qh5 23. Bxe6 Bxf3 24. Qf1 fxe6 25. Re1 Bd5 26. Qe2 Qh3 27. Qf1
Qf5 28. Re5 Qf3 0-1

[Event "Obert Figueres Miquel Mas 2010"]
[Site "Figueres ESP"]
[Date "2010.08.13"]
[Round "3.33"]
[White "Mayer, Christian"]
[Black "Torrent Lagresa, Josep M"]
[Result "1/2-1/2"]
[WhiteElo "1877"]
[BlackElo "1641"]
[PlyCount "53"]
[EventDate "2011.08.11"]
[EventType "swiss"]
[EventRounds "9"]
[EventCountry "ESP"]
[Source "lmi"]
[SourceDate "2010.08.11"]

1. c4 e5 2. Nc3 Nf6 3. Nf3 Nc6 4. g3 d6 5. d4 exd4 6. Nxd4 Nxd4 7. Qxd4 b6 8.
Bg2 Rb8 9. Bg5 Be7 10. Nb5 a6 11. Na7 Bd7 12. Nc6 Bxc6 13. Bxc6+ Kf8 14. Bd2 h5
15. h3 Kg8 16. Bc3 Bf8 17. a4 a5 18. O-O-O Nd7 19. Qf4 Nc5 20. g4 Ne6 21. Qf3
h4 22. Bd5 Rh6 23. e3 Qe7 24. Qg2 g5 25. Bd2 Bg7 26. f4 gxf4 27. exf4 1/2-1/2

[Event "Obert Figueres Miquel Mas 2010"]
[Site "Figueres ESP"]
[Date "2010.08.13"]
[Round "3.34"]
[White "Cano Egea, Joan Manuel"]
[Black "Salgado Allaria, Carlos"]
[Result "0-1"]
[WhiteElo "1441"]
[BlackElo "2325"]
[PlyCount "104"]
[EventDate "2011.08.11"]
[EventType "swiss"]
[EventRounds "9"]
[EventCountry "ESP"]
[Source "lmi"]
[SourceDate "2010.08.11"]

1. e4 c5 2. Nf3 e6 3. c3 Nf6 4. d3 d5 5. exd5 Qxd5 6. d4 Nc6 7. Be2 cxd4 8.
cxd4 Bb4+ 9. Nc3 O-O 10. O-O Bxc3 11. bxc3 Rd8 12. Bg5 Qf5 13. Qb1 Qa5 14. Bxf6
gxf6 15. Qc1 Qf5 16. Nh4 Qg5 17. Nf3 Qxc1 18. Raxc1 b6 19. Rcd1 Bb7 20. Rd2
Rac8 21. h3 Na5 22. Rc1 Nc4 23. Rdd1 Rc7 24. Nd2 Nxd2 25. Rxd2 e5 26. Rdd1 Kf8
27. Bg4 Ke7 28. Re1 Rd5 29. f4 Ra5 30. Rc2 Bd5 31. fxe5 Rxa2 32. Rxa2 Bxa2 33.
exf6+ Kxf6 34. Ra1 Bd5 35. Ra3 a5 36. Kf2 Ke7 37. Bf3 Kd6 38. Bxd5 Kxd5 39. Ke3
Kc4 40. Kd2 f5 41. Ke3 Rg7 42. Kf3 Ra7 43. Ke3 a4 44. Kf4 Ra5 45. Ke3 b5 46.
Kd2 Ra7 47. Ke3 Rg7 48. Kf3 f4 49. Kxf4 Rxg2 50. Kf3 Rh2 51. Kg3 Rb2 52. Kf4
Rb3 0-1

[Event "Obert Figueres Miquel Mas 2010"]
[Site "Figueres ESP"]
[Date "2010.08.13"]
[Round "3.35"]
[White "Vidal Palou, Jordi"]
[Black "Garcia, Richard"]
[Result "1-0"]
[WhiteElo "1649"]
[BlackElo "1761"]
[PlyCount "97"]
[EventDate "2011.08.11"]
[EventType "swiss"]
[EventRounds "9"]
[EventCountry "ESP"]
[Source "lmi"]
[SourceDate "2010.08.11"]

1. d4 Nf6 2. Bf4 d5 3. Nf3 e6 4. e3 Bd6 5. Ne5 c6 6. c3 Qc7 7. Nd2 Nbd7 8. Ndf3
Ne4 9. Nd3 Bxf4 10. Nxf4 O-O 11. Bd3 e5 12. dxe5 Nxe5 13. Bxe4 dxe4 14. Nxe5
Qxe5 15. Qd4 Qxd4 16. cxd4 g5 17. Ne2 Be6 18. b3 f5 19. g3 Rf6 20. Rc1 Bf7 21.
Nc3 Re8 22. Kd2 f4 23. gxf4 gxf4 24. Rhg1+ Bg6 25. Rcf1 Kf7 26. exf4 Rxf4 27.
Rg3 Rd8 28. Ke3 Rf3+ 29. Rxf3+ exf3 30. Kxf3 Rxd4 31. Rc1 Kf6 32. Ke3 Ke5 33.
Ke2 Kf4 34. Ke1 Kf3 35. Ne2 Re4 36. Kf1 Re7 37. Rc3+ Kg4 38. Ng3 Kf4 39. Ne2+
Kg4 40. h3+ Kh4 41. Ng3 Rd7 42. Kg2 Bf7 43. Nf5+ Kg5 44. Ne3 Be6 45. Kg3 Kf6
46. Ng4+ Kf5 47. Rf3+ Kg5 48. h4+ Kg6 49. Ne5+ 1-0

[Event "Obert Figueres Miquel Mas 2010"]
[Site "Figueres ESP"]
[Date "2010.08.13"]
[Round "3.37"]
[White "Idoate Arrazurria, Ricardo"]
[Black "Regincos Oliva, Laura"]
[Result "0-1"]
[WhiteElo "1599"]
[BlackElo "1337"]
[PlyCount "64"]
[EventDate "2011.08.11"]
[EventType "swiss"]
[EventRounds "9"]
[EventCountry "ESP"]
[Source "lmi"]
[SourceDate "2010.08.11"]

1. e4 c5 2. Nf3 e6 3. d4 cxd4 4. Nxd4 a6 5. Be2 Bc5 6. Be3 Nf6 7. Nc3 Ba7 8.
Qd2 b5 9. a3 Bb7 10. f3 O-O 11. g4 e5 12. Nf5 Nc6 13. O-O-O Ne7 14. Nxe7+ Qxe7
15. Bxa7 Rxa7 16. g5 Nh5 17. Kb1 Bc6 18. h4 Rb8 19. Nd5 Bxd5 20. Qxd5 b4 21.
axb4 Qxb4 22. Qa2 Rab7 23. b3 a5 24. Kc1 Ra8 25. Qa4 Qc3 26. Rd3 Qc5 27. Kd2
Rc7 28. Rc1 Nf4 29. Rxd7 Qc3+ 30. Kd1 Ng2 31. Rd2 Qe3 32. Qb5 Qf2 0-1

[Event "Obert Figueres Miquel Mas 2010"]
[Site "Figueres ESP"]
[Date "2010.08.13"]
[Round "3.38"]
[White "Cantenys Pages, Carles"]
[Black "Febrero Perez, Lluis"]
[Result "1-0"]
[WhiteElo "1490"]
[BlackElo "1568"]
[PlyCount "109"]
[EventDate "2011.08.11"]
[EventType "swiss"]
[EventRounds "9"]
[EventCountry "ESP"]
[Source "lmi"]
[SourceDate "2010.08.11"]

1. e4 e5 2. Nf3 Nc6 3. c3 Nf6 4. d3 d6 5. Be2 Be7 6. O-O O-O 7. h3 b6 8. b4 a6
9. Be3 Bb7 10. Nbd2 d5 11. exd5 Nxd5 12. Qc2 f5 13. Nc4 Bf6 14. Qb3 Kh8 15.
Rad1 b5 16. Nb2 a5 17. a3 axb4 18. cxb4 Nf4 19. Bxf4 exf4 20. Rd2 Nd4 21. Nxd4
Qxd4 22. Bf3 c6 23. Rc1 Qd6 24. Rdc2 Rfc8 25. Nd1 Rc7 26. Rc5 Qd7 27. Be2 g5
28. Nc3 Bd4 29. Nxb5 Bxc5 30. Nxc7 Bxf2+ 31. Kxf2 Qxc7 32. Rc5 Qd7 33. Qc3+ Kg8
34. Qf6 Qg7 35. Rxf5 Qxf6 36. Rxf6 Rxa3 37. Rd6 Ba8 38. Bf3 Ra2+ 39. Ke1 Rb2
40. Rd8+ Kg7 41. Rxa8 Rxb4 42. Bxc6 Rd4 43. Be4 h5 44. Ra6 Kf7 45. Ke2 g4 46.
Bg6+ Kg7 47. Bxh5 gxh3 48. gxh3 Rd5 49. Bf3 Re5+ 50. Be4 Rh5 51. Ra7+ Kf6 52.
Rh7 Re5 53. Kf3 Kg5 54. h4+ Kf6 55. Kxf4 1-0

[Event "Obert Figueres Miquel Mas 2010"]
[Site "Figueres ESP"]
[Date "2010.08.13"]
[Round "3.39"]
[White "Gallegos Saliner, Josep M"]
[Black "Sanchez Urpi, Xavier"]
[Result "1/2-1/2"]
[WhiteElo "1560"]
[BlackElo "1370"]
[PlyCount "68"]
[EventDate "2011.08.11"]
[EventType "swiss"]
[EventRounds "9"]
[EventCountry "ESP"]
[Source "lmi"]
[SourceDate "2010.08.11"]

1. e4 c5 2. d4 cxd4 3. c3 dxc3 4. Nxc3 Nc6 5. Nf3 g6 6. Bc4 Bg7 7. O-O Nf6 8.
Bg5 O-O 9. Qd2 d6 10. Bh6 Bg4 11. Bxg7 Kxg7 12. Be2 Qd7 13. Rfd1 Bxf3 14. Bxf3
Rad8 15. Rac1 Ne5 16. Be2 a6 17. f4 Nc6 18. Bf3 Rfe8 19. a3 Na5 20. Qe3 e5 21.
f5 Nb3 22. Rc2 Nd4 23. Rf2 Qc6 24. Rc1 Nb3 25. Rcf1 Nd4 26. fxg6 fxg6 27. Qg5
Ne6 28. Qg3 Rf8 29. Nd5 Nd4 30. Ne7 Qd7 31. Nf5+ Nxf5 32. exf5 Qxf5 33. Bxb7
Qe6 34. Qd3 e4 1/2-1/2

[Event "Obert Figueres Miquel Mas 2010"]
[Site "Figueres ESP"]
[Date "2010.08.14"]
[Round "4.1"]
[White "Corrales Jimenez, Fidel"]
[Black "Sorbe, Stephane"]
[Result "1/2-1/2"]
[WhiteElo "2574"]
[BlackElo "2358"]
[PlyCount "90"]
[EventDate "2011.08.11"]
[EventType "swiss"]
[EventRounds "9"]
[EventCountry "ESP"]
[Source "lmi"]
[SourceDate "2010.08.11"]

1. e4 c6 2. d4 d5 3. Nc3 dxe4 4. Nxe4 Bf5 5. Ng3 Bg6 6. h4 h6 7. Nf3 Nd7 8. h5
Bh7 9. Bd3 Bxd3 10. Qxd3 Qc7 11. Bd2 e6 12. O-O-O Ngf6 13. Ne4 O-O-O 14. g3
Nxe4 15. Qxe4 Bd6 16. c4 c5 17. Bc3 Nf6 18. Qe2 cxd4 19. Bxd4 Bc5 20. Bxc5 Qxc5
21. Ne5 Qc7 22. Kb1 Rxd1+ 23. Rxd1 Rd8 24. Rc1 Kb8 25. f4 Ne8 26. c5 f6 27. Nd3
Qd7 28. Nb4 Qd2 29. Qb5 Nc7 30. Qa4 Nd5 31. c6 Rc8 32. Nxd5 Qxd5 33. c7+ Ka8
34. Qe8 Qf5+ 35. Ka1 e5 36. Qd8 exf4 37. gxf4 a6 38. a4 Ka7 39. Rc4 Qe6 40.
Qd4+ b6 41. Qd3 Kb7 42. f5 Qe5 43. Qf3+ Ka7 44. Qc6 Qxf5 45. Ka2 a5 1/2-1/2

[Event "Obert Figueres Miquel Mas 2010"]
[Site "Figueres ESP"]
[Date "2010.08.14"]
[Round "4.3"]
[White "Vidal Zamora, Alex"]
[Black "Anikaev, Yuri N"]
[Result "0-1"]
[WhiteElo "2150"]
[BlackElo "2411"]
[PlyCount "58"]
[EventDate "2011.08.11"]
[EventType "swiss"]
[EventRounds "9"]
[EventCountry "ESP"]
[Source "lmi"]
[SourceDate "2010.08.11"]

1. e4 c5 2. Nf3 e6 3. d4 cxd4 4. Nxd4 Nf6 5. Nc3 d6 6. Be2 Be7 7. O-O O-O 8.
Be3 Nc6 9. f4 Bd7 10. Qe1 Nxd4 11. Bxd4 Bc6 12. Qg3 Qd7 13. Bd3 b5 14. Rae1 b4
15. Nd1 Bb5 16. Ne3 Bxd3 17. cxd3 Qb5 18. Rd1 Rac8 19. Bxf6 Bxf6 20. d4 Qe2 21.
e5 Bh4 22. Qh3 dxe5 23. fxe5 Bg5 24. Ng4 Rc2 25. Rd3 Rc1 26. Rdf3 Rxf1+ 27.
Rxf1 Qxb2 28. Qg3 Qxd4+ 29. Kh1 h5 0-1

[Event "Obert Figueres Miquel Mas 2010"]
[Site "Figueres ESP"]
[Date "2010.08.14"]
[Round "4.4"]
[White "Martinez Duany, Lelys Stanley"]
[Black "Sorroche Martin, Jose Maria"]
[Result "1-0"]
[WhiteElo "2510"]
[BlackElo "2147"]
[PlyCount "65"]
[EventDate "2011.08.11"]
[EventType "swiss"]
[EventRounds "9"]
[EventCountry "ESP"]
[Source "lmi"]
[SourceDate "2010.08.11"]

1. e4 c5 2. Nf3 d6 3. d4 cxd4 4. Nxd4 Nf6 5. Nc3 e5 6. Bb5+ Bd7 7. Bxd7+ Qxd7
8. Nde2 Qg4 9. Qd3 Nc6 10. O-O Be7 11. h3 Qd7 12. Bg5 O-O-O 13. Bxf6 Bxf6 14.
Nd5 Bg5 15. b4 Kb8 16. a4 g6 17. a5 f5 18. a6 fxe4 19. Qxe4 Ne7 20. Nxe7 Bxe7
21. Nc3 Rc8 22. Nd5 Bd8 23. axb7 Qxb7 24. f3 Rxc2 25. Qxc2 Qxd5 26. Rfd1 Bb6+
27. Kh1 Bd4 28. Ra5 Qb7 29. Qa4 Ka8 30. Rb5 Qc7 31. Qa2 Rc8 32. Qd5+ Qc6 33.
Rc1 1-0

[Event "Obert Figueres Miquel Mas 2010"]
[Site "Figueres ESP"]
[Date "2010.08.14"]
[Round "4.5"]
[White "Campos Moreno, Javier B"]
[Black "Spielmann, Alain"]
[Result "1-0"]
[WhiteElo "2484"]
[BlackElo "2286"]
[PlyCount "81"]
[EventDate "2011.08.11"]
[EventType "swiss"]
[EventRounds "9"]
[EventCountry "ESP"]
[Source "lmi"]
[SourceDate "2010.08.11"]

1. d4 e6 2. c4 f5 3. g3 Nf6 4. Bg2 c6 5. b3 d5 6. Nh3 Bb4+ 7. Bd2 Be7 8. O-O
O-O 9. Bc3 Qe8 10. Nd2 Nbd7 11. Qc2 Ng4 12. Nf4 Ndf6 13. h3 Nh6 14. Nd3 Ne4 15.
Bb4 Bxb4 16. Nxb4 Bd7 17. Nd3 Qe7 18. Kh2 Nf7 19. f3 Nxd2 20. Qxd2 dxc4 21.
bxc4 Rad8 22. Qc3 Rfe8 23. f4 Rf8 24. e3 Be8 25. Rab1 b5 26. a4 a6 27. c5 g5
28. axb5 axb5 29. Ra1 h5 30. Ra6 h4 31. gxh4 gxh4 32. Rg1 Kh7 33. Bf3 Nh6 34.
Ne5 Rg8 35. Rxg8 Nxg8 36. Qa1 Qg7 37. Qe1 Qf6 38. Ra7+ Ne7 39. Bxc6 Kh6 40.
Bxe8 Rxe8 41. Nd7 1-0

[Event "Obert Figueres Miquel Mas 2010"]
[Site "Figueres ESP"]
[Date "2010.08.14"]
[Round "4.6"]
[White "Barria Zuniga, Daniel"]
[Black "Parals Marce, Luis"]
[Result "1-0"]
[WhiteElo "2419"]
[BlackElo "2058"]
[PlyCount "51"]
[EventDate "2011.08.11"]
[EventType "swiss"]
[EventRounds "9"]
[EventCountry "ESP"]
[Source "lmi"]
[SourceDate "2010.08.11"]

1. e4 c5 2. Nf3 e6 3. d4 cxd4 4. Nxd4 a6 5. Bd3 Bc5 6. Nb3 Ba7 7. Qe2 d6 8. Be3
Bxe3 9. Qxe3 Nf6 10. c4 O-O 11. Nc3 Nc6 12. O-O b6 13. Rfd1 Qc7 14. Rac1 Ne5
15. Be2 Rd8 16. f4 Ned7 17. Qd4 Nc5 18. e5 Ne8 19. Nxc5 bxc5 20. exd6 Rxd6 21.
Qe5 f6 22. Qe3 Bb7 23. Rxd6 Qxd6 24. Rd1 Qe7 25. Bg4 Bc8 26. Nd5 1-0

[Event "Obert Figueres Miquel Mas 2010"]
[Site "Figueres ESP"]
[Date "2010.08.14"]
[Round "4.7"]
[White "Casanellas Ruano, Lluis"]
[Black "Vehi Bach, Victor Manuel"]
[Result "1/2-1/2"]
[WhiteElo "2182"]
[BlackElo "2405"]
[PlyCount "61"]
[EventDate "2011.08.11"]
[EventType "swiss"]
[EventRounds "9"]
[EventCountry "ESP"]
[Source "lmi"]
[SourceDate "2010.08.11"]

1. d4 Nf6 2. c4 e6 3. Nf3 d5 4. Bg5 Bb4+ 5. Nbd2 dxc4 6. e3 c3 7. bxc3 Bxc3 8.
Rc1 Bb4 9. Bd3 c6 10. O-O Nbd7 11. Qc2 h6 12. Bh4 Be7 13. e4 Nh5 14. Bxe7 Qxe7
15. d5 O-O 16. dxc6 bxc6 17. Qxc6 Nb6 18. Qc5 Qxc5 19. Rxc5 Nf4 20. Bb5 Bd7 21.
g3 Bxb5 22. Rxb5 Ne2+ 23. Kg2 Rac8 24. Ra5 Nc4 25. Nxc4 Rxc4 26. e5 Rc2 27. Rd1
Rc7 28. Kf1 Nc3 29. Rc1 Rb8 30. Rc2 Rb1+ 31. Kg2 1/2-1/2

[Event "Obert Figueres Miquel Mas 2010"]
[Site "Figueres ESP"]
[Date "2010.08.14"]
[Round "4.10"]
[White "Diaz Munoz, Sergi"]
[Black "Huerga Leache, Mikel"]
[Result "0-1"]
[WhiteElo "2005"]
[BlackElo "2424"]
[PlyCount "52"]
[EventDate "2011.08.11"]
[EventType "swiss"]
[EventRounds "9"]
[EventCountry "ESP"]
[Source "lmi"]
[SourceDate "2010.08.11"]

1. e4 c5 2. Nf3 Nc6 3. d4 cxd4 4. Nxd4 Nf6 5. Nc3 d6 6. f3 Qb6 7. Nb3 e6 8. Qd3
a6 9. Be3 Qc7 10. O-O-O b5 11. a3 Bb7 12. Be2 Rc8 13. g4 Nd7 14. f4 b4 15. axb4
Nxb4 16. Qd4 Na2+ 17. Kd2 e5 18. Qc4 Qxc4 19. Bxc4 Rxc4 20. Nxa2 Bxe4 21. Nc3
Bxh1 22. Rxh1 exf4 23. Bf2 Be7 24. Na5 Rc8 25. Nd5 Ne5 26. h3 h5 0-1

[Event "Obert Figueres Miquel Mas 2010"]
[Site "Figueres ESP"]
[Date "2010.08.14"]
[Round "4.11"]
[White "Adrian, Claude"]
[Black "Sola, Flavien"]
[Result "1-0"]
[WhiteElo "2292"]
[BlackElo "1954"]
[PlyCount "45"]
[EventDate "2011.08.11"]
[EventType "swiss"]
[EventRounds "9"]
[EventCountry "ESP"]
[Source "lmi"]
[SourceDate "2010.08.11"]

1. Nf3 d6 2. d4 g6 3. c4 Bg7 4. g3 Nf6 5. Bg2 O-O 6. O-O c6 7. Nc3 Qc7 8. Qc2
Nbd7 9. e4 e5 10. h3 a6 11. a4 h6 12. a5 Rd8 13. Be3 exd4 14. Nxd4 b6 15. Nxc6
Re8 16. e5 dxe5 17. axb6 Nxb6 18. Qb3 Nbd7 19. Nb5 axb5 20. Rxa8 bxc4 21. Qxc4
Nb6 22. Bxb6 Qxb6 23. Rxc8 1-0

[Event "Obert Figueres Miquel Mas 2010"]
[Site "Figueres ESP"]
[Date "2010.08.14"]
[Round "4.14"]
[White "Colls Gelaberto, Emili"]
[Black "Ruiz Font, Elisabet"]
[Result "0-1"]
[WhiteElo "2247"]
[BlackElo "1899"]
[PlyCount "118"]
[EventDate "2011.08.11"]
[EventType "swiss"]
[EventRounds "9"]
[EventCountry "ESP"]
[Source "lmi"]
[SourceDate "2010.08.11"]

1. Nf3 f5 2. d4 Nf6 3. g3 g6 4. Bg2 Bg7 5. O-O d6 6. c4 O-O 7. Nc3 Qe8 8. d5
Na6 9. Rb1 c5 10. dxc6 bxc6 11. b4 Bd7 12. a3 Nc7 13. Nd4 Ne6 14. Nb3 f4 15.
Na5 Rb8 16. Qd3 Ng4 17. Bb2 Ne5 18. Qd1 Qf7 19. Ne4 f3 20. exf3 Nxf3+ 21. Kh1
Ned4 22. Ng5 Nxg5 23. Bxd4 Bxd4 24. Qxd4 Bh3 25. f4 Bxg2+ 26. Kxg2 Ne6 27. Qe4
c5 28. Rfe1 Nd4 29. Qxe7 Nc2 30. Re6 Nxa3 31. Rb3 cxb4 32. Qxf7+ Rxf7 33. Rxd6
Rc7 34. Rc6 Rxc6 35. Nxc6 Rb6 36. Ne7+ Kf7 37. Nd5 Rb7 38. c5 a5 39. c6 Rb8 40.
Re3 Rc8 41. Re7+ Kf8 42. c7 Nb5 43. Rd7 Na7 44. Nb6 Re8 45. Rxh7 Kg8 46. Rd7
Kf8 47. Rd4 b3 48. Rd3 Re2+ 49. Kh3 b2 50. Rb3 Rc2 51. c8=Q+ Nxc8 52. Nxc8 a4
53. Rb8 a3 54. Nd6+ Ke7 55. Ne4 a2 56. Rb7+ Kd8 57. Nd6 b1=Q 58. Nf7+ Ke8 59.
Nd6+ Kf8 0-1